Catálogo
 En Linea

Des vols de Vanessa / (Registro nro. 6091)

Detalles MARC
000 -CABECERA
campo de control de longitud fija 00565cam a2200181 a 4500
001 - NÚMERO DE CONTROL
campo de control 000006296
005 - FECHA Y HORA DE LA ÚLTIMA TRANSACCIÓN
campo de control 20200929153918.0
008 - DATOS DE LONGITUD FIJA--INFORMACIÓN GENERAL
campo de control de longitud fija 741007s1972 fr 000 1 fre
040 ## - FUENTE DE LA CATALOGACIÓN
Centro catalogador/agencia de origen DO-SdBNP
Centro/agencia transcriptor MBU
Centro/agencia modificador OCoLC
-- DLC
082 ## - NÚMERO DE LA CLASIFICACIÓN DECIMAL DEWEY
Número de clasificación nn
Número de documento/Ítem W231d
100 1# - ENTRADA PRINCIPAL--NOMBRE DE PERSONA
Nombre de persona Walter, Georges,
Fechas asociadas al nombre 1921-
9 (RLIN) 17581
245 10 - MENCIÓN DE TÍTULO
Título Des vols de Vanessa /
Mención de responsabilidad, etc. Georges Walter.
260 ## - PUBLICACIÓN, DISTRIBUCIÓN, ETC.
Lugar de publicación, distribución, etc. París, :
Nombre del editor, distribuidor, etc. Le Cercle du Nouveau Livre. Jules Tallandier,
Fecha de publicación, distribución, etc. 1972.
300 ## - DESCRIPCIÓN FÍSICA
Extensión 268 p. ;
Dimensiones 20 cm.
650 #4 - PUNTO DE ACCESO ADICIONAL DE MATERIA--TÉRMINO DE MATERIA
Término de materia o nombre geográfico como elemento de entrada Novela francesa
9 (RLIN) 1075
650 #4 - PUNTO DE ACCESO ADICIONAL DE MATERIA--TÉRMINO DE MATERIA
Término de materia o nombre geográfico como elemento de entrada Literatura francesa
9 (RLIN) 1074
910 ## - DATOS DE OPCIÓN DEL USUARIO (OCLC)
Datos de opción del usuario Catalogación por copia / LC
Existencias
Estado de retiro Estado de pérdida Restricciones de uso No para préstamo Código de colección Localización permanente Ubicación/localización actual Ubicación en estantería Fecha de adquisición Número de inventario Total de préstamos Signatura topográfica completa Código de barras Fecha visto por última vez Precio válido a partir de Tipo de ítem Koha
    Préstamo interno   Monografías: Libros y Folletos General General En catalogación 27.08.2009 LF1   nn W231d 6296-10 25.06.2020 25.06.2020 Préstamo interno

Con tecnología Koha